000 00525nam a2200169Ia 4500
003 GCL
008 140319s9999 xx 000 0 ara d
040 _aGCL /
_cGCL
082 0 4 _a813.03
_bى خ
100 1 _aيوسف الشارونى
245 1 0 _aالخوف والشجاعة : دراسات فى قصص يوسف الشارونى /
_cيوسف الشارونى
300 _a220 ص
490 _aكتابات معاصرة
_v0
650 0 4 _aالادب العربى
650 0 4 _aالقصص العربية
942 _2ddc
_cBK
999 _c39445
_d39445